La imágen de la ciudad

Saved in:
Bibliografiske detaljer
Hovedforfatter: Lynch, Kevin (autor)
Format: Bog
Sprog:spansk
Udgivet: Buenos Aires Infinito 1970
Udgivelse:2a. ed
Serier:Biblioteca de planeamiento y vivienda, 9
Fag:
Tags: Tilføj Tag
Ingen Tags, Vær først til at tagge denne postø!

MARC

LEADER 00000nam a2200000 a 4500
001 UCY4688
003 CL-VaPUC
008 950324e19700000AG |||||||||||||||||spa|d
082 0 4 |a 711.4  |b LYN  |2 21 
100 |a Lynch, Kevin  |e autor  |9 563252 
245 1 3 |a La imágen de la ciudad 
250 |a 2a. ed 
300 |a 208 p 
942 |c BK 
945 |d 19950324 00:00:00  |a mfernand 
260 |a Buenos Aires  |b Infinito  |c 1970 
650 0 |a Planificación urbana   |9 258176 
583 |a last modification  |c 19950324 00:00:00  |k Rodrigo Vera 
490 0 |a Biblioteca de planeamiento y vivienda, 9 
999 |c 232464  |d 232462 
952 |0 0  |1 0  |4 0  |6 711_400000000000000_LYN_1970  |7 0  |8 A  |9 236957  |a BIBARQ  |b BIBARQ  |d 2019-11-15  |i 306882K  |l 3  |m 3  |o 711.4 LYN 1970  |p 306882K  |r 2025-05-06  |s 2025-04-25  |w 2019-11-15  |y BK  |k ARQ